Možnosti riešenia krízy v podniku a posúdenie ich ekonomickej výhodnosti bakalárska práca

Guardado en:
Detalles Bibliográficos
Autor principal: Vojtková, Lenka
Autor Corporativo: Fakulta podnikového manažmentu EU. Katedra podnikovohospodárska
Otros Autores: Uhliar, Miroslav, 1981-
Formato: Libro
Lenguaje:eslovaco
Publicado: Bratislava 2012
Etiquetas: Agregar Etiqueta
Sin Etiquetas, Sea el primero en etiquetar este registro!

MARC

LEADER 00000nbm a2200000 4500
001 0154007
005 20161109111816.9
041 0 |a slo 
044 |a SK 
245 1 0 |a Možnosti riešenia krízy v podniku a posúdenie ich ekonomickej výhodnosti  |b bakalárska práca  |c Lenka Vojtková ; školiteľ: Miroslav Uhliar 
264 1 |a Bratislava  |c 2012 
300 |a 50 s. 
100 1 |a Vojtková, Lenka 
700 1 |a Uhliar, Miroslav, 1981- 
710 2 |a Fakulta podnikového manažmentu EU. Katedra podnikovohospodárska